Ceràmica catalana (1550-1650) /
Descripción Física:
Il·lustracions
Colección:
San Jorge,
; núm. 18 (abril 1955), pàg 54-57
Materias:
Ceràmica catalana -- S. XVI-XVII
Idioma:
Español
MARC
| LEADER | 00000naa a2200000 a 4500 | ||
|---|---|---|---|
| 003 | Arxiu | ||
| 005 | 20260324181033.0 | ||
| 008 | 160829s1955 spcaxx s spa c | ||
| 040 | |a AGDB | ||
| 100 | |a Mora Amell, Eduardo |9 29537 | ||
| 245 | 1 | 0 | |a Ceràmica catalana (1550-1650) / |c E. Mora Amell |
| 300 | |b Il·lustracions | ||
| 490 | |a San Jorge, |v núm. 18 (abril 1955), pàg 54-57 | ||
| 650 | 0 | |a Ceràmica catalana |x S. XVI-XVII |9 29538 | |
| 773 | |g Núm. 18 (abril 1955), pàg 54-57 |t San Jorge. | ||
| 901 | |a Arxiu | ||
| 942 | |n 1 |2 udc |c ART | ||
| 952 | |0 0 |1 0 |4 0 |6 REV510 |7 1 |9 65129 |a Arxiu |b Arxiu |d 2023-01-25 |l 0 |o Rev-510 |r 2023-01-25 00:00:00 |w 2023-01-25 |y ARXIU |z També disponible a Rev-524 | ||
| 999 | |c 47992 |d 47992 | ||